Μαθηματική επιθεώρηση

Αποθηκεύτηκε σε:
Λεπτομέρειες βιβλιογραφικής εγγραφής
Συγγραφή απο Οργανισμό/Αρχή: Ελληνική Μαθηματική Εταιρεία
Μορφή: Περιοδική έκδοση
Γλώσσα:Greek
Δημοσίευση: Αθήνα : Ελληνική Μαθηματική Εταιρεία, 1976-
Θέματα:
Ετικέτες: Προσθήκη ετικέτας
Δεν υπάρχουν, Καταχωρήστε ετικέτα πρώτοι!

MARC

LEADER 00000cas a2200000 i 4500
001 1/84704
008 080513c19769999gr |||||||||||| ||gre||
022 |a 1105-7971 
035 |l 10097246 
040 |a GR-My-Ua  |b gre  |e AACR2  
041 0 |a gre 
082 0 |a 510.5   |2 (23)  
110 2 |a Ελληνική Μαθηματική Εταιρεία. 
210 1 |a Μαθημ. Επιθ.  
222 0 |a Μαθηματική επιθεώρηση  
245 1 0 |a Μαθηματική επιθεώρηση   |h [περιοδικό]  |c Ελληνική Μαθηματική Εταιρεία  
260 |a Αθήνα :   |b Ελληνική Μαθηματική Εταιρεία,   |c 1976-  
300 |a  τ. :   |b εικ., σχ., πιν. ;   |c 24 εκ.  
310 |a Ακανόνιστη,   |b 1976-  
362 1 |a Tόμος 1 (1976)-  
500 |a "Περιοδική επιστημονική έκδοση".  
500 |a Η βιβλιοθήκη του παραρτήματος Ρόδου έχει στην συλλογή της τα εξής τεύχη: Τόμος 16 (1979), τόμος 22 - τόμος 35 (1981-1988), τόμος 37- τόμος 40 (1990-1993), τόμος 52 (1999). Τεύχη που λείπουν: Τόμος 17- τόμος 21 (1980-1981), τόμος 36 (1989). Το περιοδικό είναι ελλιπές. Η καταλογογράφηση του βασίστηκε στο πρώτο ανά χείρας τεύχος 16 (1979).  
650 0 0 |a Mathematics  |x Periodicals. 
853 |a INST  |b RHODES  |c SER  |h 510.5 
853 |a INST  |b SAMOS  |c SER  |h 510.5 
901 |a BIBL4-2008-2 
922 |a 4ΕΛΗ  |b 1979/10 
970 |a Κόζα   |b Μαρία   |z 13-05-2008